Państwa położone nad Morzem Czerwonym - Statystyki

Ogólne statystyki
  • Ten quiz został rozwiązany 14 razy
  • Średni wynik to 7 z 8
Statystyki odpowiedzi
Państwo % Poprawnych
Arabia Saudyjska
100%
Dżibuti
92%
Egipt
92%
Erytrea
92%
Jemen
92%
Izrael
85%
Sudan
85%
Jordania
69%
Nie znaleziono quizów pasujących do podanych kryteriów
Rozkład punktacji
Procent ludzi z każdym wynikiem
Percentyl według liczby udzielonych odpowiedzi
Twoja historia wyników
Nie rozwiązałeś tego quizu